MARC

LEADER 00000nam0a2200000 4500
001 57936
005 20231101211711.0
010 |a 5283012808 
035 |a (RuTPU)RU\TPU\book\61162 
090 |a 57936 
100 |a 20031119d2003 k y0rusy50 ca 
101 0 |a rus 
102 |a RU 
105 |a a z 001zy 
200 1 |a Синтез и спекание алмаза взрывом  |f В. В. Даниленко 
210 |a Москва  |c Энергоатомиздат  |d 2003 
215 |a 272 с.  |c ил. 
320 |a Библиогр.: с. 255-269. 
606 1 |a Обработка взрывом  |2 stltpush  |3 (RuTPU)RU\TPU\subj\72722  |9 86126 
606 1 |a Алмаз  |x Синтез  |2 stltpush  |3 (RuTPU)RU\TPU\subj\34696  |9 56587 
610 1 |a алмазы 
610 1 |a ударные волны 
610 1 |a взрывные камеры 
610 1 |a ультрадисперсная среда 
610 1 |a ультрадисперсный алмаз 
610 1 |a ударноволновое спекание 
610 1 |a компьютерное моделирование 
610 1 |a спекание 
610 1 |a взрывной способ 
675 |a 621.7.044.2  |v 3 
675 |a 666.23  |v 3 
700 1 |a Даниленко  |b В. В.  |g Вячеслав Васильевич 
801 1 |a RU  |b 63413507  |c 20031119  |g PSBO 
801 2 |a RU  |b 63413507  |c 20131021  |g PSBO 
942 |c BK